000 00432nam a2200145 4500
001 136530
003 ES-MaACL
005 20230906195146.0
007 t|
008 070214s1908 gt r ||||1| spa d
100 1 _aSáenz de Tejada, Federico.
_9133074
245 1 0 _aGuatemala
_b: ferrocarril interoceánico /
_cFederico Sènz de Tejada.
260 _aGuatemala :
_b[s.n.],
_c1908 (
_fTip. Central)
852 _aES-MaACL
_jT-1157-F-9
999 _c136530
_d136530